| 000 | 00586nam a22001937a 4500 | ||
|---|---|---|---|
| 003 | OSt | ||
| 005 | 20250807060201.0 | ||
| 008 | 240708b |||||||| |||| 00| 0 eng d | ||
| 020 | _a9786219509633 | ||
| 040 |
_aDWCL-Main Lib. _cOC |
||
| 082 | _aFil. 657.044 M645i 2021 | ||
| 100 | _aMillan , Zeus Vernon B. | ||
| 245 |
_aIntermediate Accounting vol. 3 / _cZeus Vernon B. Millan |
||
| 250 | _a2021 edition | ||
| 260 |
_aBaguio City: _bBandolin Enterprise, _cc2021 |
||
| 300 |
_axvi, 690 pages : _billustrations ; _c22cm. |
||
| 650 | _a1. Accounting. | ||
| 942 |
_2ddc _cBK - FIL _kFil. _n0 |
||
| 999 |
_c2080 _d2080 |
||